Agro Processing Methods Equipment Operations and Maintenance (Record no. 52174)

MARC details
000 -LEADER
fixed length control field 00501nam a22001817a 4500
003 - CONTROL NUMBER IDENTIFIER
control field OSt
008 - FIXED-LENGTH DATA ELEMENTS--GENERAL INFORMATION
fixed length control field 260622b |||||||| |||| 00| 0 eng d
020 ## - INTERNATIONAL STANDARD BOOK NUMBER
International Standard Book Number 9789367551929
082 ## - DEWEY DECIMAL CLASSIFICATION NUMBER
Classification number 664.02
Item number B57A
100 ## - MAIN ENTRY--PERSONAL NAME
Personal name Bhosale, Tejas Ashok
245 ## - TITLE STATEMENT
Title Agro Processing Methods Equipment Operations and Maintenance
260 ## - PUBLICATION, DISTRIBUTION, ETC. (IMPRINT)
Place of publication, distribution, etc Karnal, Haryana
Name of publisher, distributor, etc Content Vibes
Date of publication, distribution, etc 2025
300 ## - PHYSICAL DESCRIPTION
Extent ix. 194p.
650 ## - SUBJECT ADDED ENTRY--TOPICAL TERM
Topical term or geographic name as entry element Agro Processing
650 ## - SUBJECT ADDED ENTRY--TOPICAL TERM
Topical term or geographic name as entry element Food Processing
650 ## - SUBJECT ADDED ENTRY--TOPICAL TERM
Topical term or geographic name as entry element Equipment Operation
942 ## - ADDED ENTRY ELEMENTS (KOHA)
Source of classification or shelving scheme
Koha item type Books
Holdings
Withdrawn status Lost status Source of classification or shelving scheme Damaged status Not for loan Home library Current library Shelving location Date acquired Source of acquisition Currency Cost, normal purchase price Total Checkouts Full call number Barcode Date last seen Bill Date Koha item type Bill Number
          Dr. Rajendra Prasad Central Agricultural University Pusa, Dr. Rajendra Prasad Central Agricultural University Pusa, General Stacks 22/06/2026 Scientific Publishers, Rajasthan INR 1995.00   664.02 B57A 88793 22/06/2026 12/02/2026 Books SPI/25-26/440
Hosted, Implemented, Customized & Maintained by: BestBookBuddies

Powered by Koha